LEADER 01111nam a2200265 i 4500 001 000000163344 003 CaOOAMICUS 005 20070724000000.0 008 070724s1974 it u000 u ita u 013 $a140708 040 $aSeMil$bita 100 1 $aFerrari, Luigi <1912- >.$0(OLS)http://semarc/name/93583 245 13$aLa croce sul petto /$cLuigi Ferrari. 260 $aMilano :$bÀncora,$ccopyr. 1974. 300 $a341 p., [8] p. di tav. :$bill. ;$c22 cm. 500 $aFondo Card. Giovanni Colombo. 650 4$aCappellani militari.$0(OLS)http://semarc/subject/6525 650 4$aEsercito italiano - Alpini - Diari e memorie.$0(OLS)http://semarc/subject/15368 650 4$aEsercito Italiano - Alpini - Divisione Julia - Albania - Diari e memorie.$0(OLS)http://semarc/subject/31052 850 $aSeMil 852 $aSeMil$W1$xVenegono$y1$m3U III 359$j114639$B114639$CSeMilBibl$Z2$F127816 $81 941 1 $a3 961 $aLascito: Colombo Card. Giovanni 996 $6245$aLa croce sul petto$9(OLS)http://semarc/title/233026 996 $6260$aMilano :$bÀncora$9(OLS)http://semarc/publisher/29763 LEADER 01173nam a2200253 i 4500 001 000000071342 003 CaOOAMICUS 005 20130620000000.0 008 130620s1881 it u000 u ita u 013 $a42514 040 $aSeMil$bita 100 1 $aTalamo, Salvatore,$c.$0(OLS)http://semarc/name/2266 245 12$aL'aristotelismo della scolastica nella storia della filosofia :$bstudi critici /$cpel prof. Salvatore Talamo. 250 $a3. ed. notevolmente accresciuta. 260 $aSiena :$bTipografia edit. S. Bernardino,$c1881. 300 $aXXXIV, 510 p. ;$c24 cm. 490 0 $aBiblioteca tomistica ;$v2 650 4$aFilosofia scolastica.$0(OLS)http://semarc/subject/769 650 4$aAristotelismo.$0(OLS)http://semarc/subject/12800 830 0$aBiblioteca tomistica ;$v2.$0(OLS)http://semarc/title/16201 850 $aSeMil 852 $aSeMil$W1$xVenegono$y1$m2P IV 28 FA$j37495$B37495$CSeMilBibl$Z2$F37498 $8I 996 $6245$aL'aristotelismo della scolastica nella storia della filosofia :$bstudi critici$9(OLS)http://semarc/title/114726 996 $6260$aSiena :$bTipografia edit. S. Bernardino$9(OLS)http://semarc/publisher/42939